La philosophie de l'organisme / (Record no. 57397)

MARC details
000 -LEADER
campo de control de longitud fija 00850nam a2200241 i 4500
001 - NÚMERO DE CONTROL
campo de control 57397
003 - IDENTIFICADOR DE NÚMERO DE CONTROL
campo de control ES-MaACL
005 - FECHA Y HORA DE LA ÚLTIMA TRANSACCIÓN
campo de control 20230906163553.0
007 - CAMPO FIJO DE DESCRIPCIÓN FÍSICA--INFORMACIÓN GENERAL
campo de control de longitud fija t|
008 - DATOS DE LONGITUD FIJA--INFORMACIÓN GENERAL
campo de control de longitud fija 031016s1921 fr ||||1| fre d
100 1# - ENTRADA PRINCIPAL--NOMBRE DE PERSONA
Nombre de persona Driesch, Hans.
9 (RLIN) 45639
245 13 - MENCIÓN DEL TÍTULO
Título La philosophie de l'organisme /
Mención de responsabilidad, etc. par H. Driesch ; traduction de M. Kollmann ; préface de J. Maritain.
260 ## - PUBLICACIÓN, DISTRIBUCIÓN, ETC.
Lugar de publicación, distribución, etc. Paris :
Nombre del editor, distribuidor, etc. Marcel Rivière,
Fecha de publicación, distribución, etc. 1921 (
Lugar de fabricación/manufactura Villeneuve :
Fabricante L'Union Tipografica)
300 ## - DESCRIPCIÓN FÍSICA
Extensión XI, 234 p. ;
Dimensiones 23 cm.
490 1# - MENCIÓN DE SERIE
Mención de serie Bibliothèque de philosophie expérimentale ;
Designación de volumen o secuencia 11
650 #4 - PUNTO DE ACCESO ADICIONAL DE MATERIA--TÉRMINO DE MATERIA
Término de materia o nombre geográfico como elemento de entrada Ciencia-
Subdivisión general Filosofía.
9 (RLIN) 10950
650 #4 - PUNTO DE ACCESO ADICIONAL DE MATERIA--TÉRMINO DE MATERIA
Término de materia o nombre geográfico como elemento de entrada Biología-
Subdivisión general Filosofía.
9 (RLIN) 10585
700 1# - ENTRADA AGREGADA--NOMBRE PERSONAL
Nombre de persona Kollmann, M.
9 (RLIN) 68523
700 1# - ENTRADA AGREGADA--NOMBRE PERSONAL
Nombre de persona Maritain, Jacques.
9 (RLIN) 76903
830 1# - PUNTO DE ACCESO ADICIONAL DE SERIE-TÍTULO UNIFORME
Título uniforme Bibliothèque de philosophie expérimentale ;
Designación de volumen o secuencia 11
9 (RLIN) 184341
852 ## - LOCALIZACIÓN
Ubicación ES-MaACL
Número de control de estantería C-3228
Holdings
Estatus retirado Estado de pérdida Estado de daño No para préstamo Biblioteca de origen Biblioteca actual Ubicación en estantería Fecha de adquisición Fuente de adquisición Total de préstamos Signatura topográfica completa Código de barras Visto por última vez Precio de reemplazo Tipo de ítem Koha
        Biblioteca del Ateneo de Madrid Biblioteca del Ateneo de Madrid Sala Palomar 17/01/2008     C-3228 1060259 23/02/2023 23/02/2023 Libro impreso